| 000 | 00383cam a22001337a 4500 | ||
|---|---|---|---|
| 008 | 180718b2004 xxu||||| |||| 00| 0 eng d | ||
| 020 | _a8126903597 | ||
| 082 | _aH37x54 N143 | ||
| 100 | _aNair, K. Balasankaran | ||
| 245 |
_aLaw of contempt of court in India _cby K. Balasankaran Nair |
||
| 260 |
_aNew Delhi _bAtlantic _c2004 |
||
| 300 | _a320p. | ||
| 650 | _aContempt of court --India | ||
| 999 |
_c402970 _d402970 |
||